Govt. of
Madhya Pradesh

The Complete DICTIONARY OF DREAMS (Record no. 64476)

MARC details
000 -LEADER
fixed length control field 00395nam a22001697a 4500
003 - CONTROL NUMBER IDENTIFIER
control field MACL
005 - DATE AND TIME OF LATEST TRANSACTION
control field 20211001163425.0
008 - FIXED-LENGTH DATA ELEMENTS--GENERAL INFORMATION
fixed length control field 211001b |||||||| |||| 00| 0 eng d
040 ## - CATALOGING SOURCE
Transcribing agency MACL
082 ## - DEWEY DECIMAL CLASSIFICATION NUMBER
Classification number 403
100 ## - MAIN ENTRY--PERSONAL NAME
Personal name Singh,J.P.
9 (RLIN) 75233
245 ## - TITLE STATEMENT
Title The Complete DICTIONARY OF DREAMS
260 ## - PUBLICATION, DISTRIBUTION, ETC. (IMPRINT)
Place of publication, distribution, etc. Delhi
Name of publisher, distributor, etc. Sahitya Surbhi
Date of publication, distribution, etc. 2018
300 ## - PHYSICAL DESCRIPTION
Extent p135
650 ## - SUBJECT ADDED ENTRY--TOPICAL TERM
Topical term or geographic name as entry element Dictionary
942 ## - ADDED ENTRY ELEMENTS (KOHA)
Source of classification or shelving scheme
Koha item type Books
Holdings
Withdrawn status Lost status Source of classification or shelving scheme Damaged status Not for loan Home library Current library Date acquired Cost, normal purchase price Total Checkouts Full call number Barcode Date last seen Price effective from Koha item type
          MACL MACL 01/10/2021 450.00   403 CRE035619 02/05/2024 01/10/2021 Books